| 000 | 01362nam a22002657a 4500 | ||
|---|---|---|---|
| 999 |
_c58110 _d58110 |
||
| 005 | 20221108164743.0 | ||
| 008 | 210617s2017 enk||||| |||| 00| 0 eng d | ||
| 020 | _a9789463008228 X | ||
| 041 | _aeng | ||
| 080 | _a376-056.2 Sh-53 | ||
| 100 |
_a Shepherd, Katharine G. _912067 |
||
| 245 |
_aThe Art of Collaboration : _bLessons from Families of Children with Disabilities / _cKatharine G. Shepherd, Colby T. Kervick, Djenne-amal N. Morris; Editors Mel Ainscov, Felicity Armstrong. |
||
| 264 |
_aRoterdam : _bSense Publishers, _c2017. |
||
| 300 |
_a190 p. _b24 cm. |
||
| 440 |
_aStudies in inclusive education, _vVolume 32 _912072 |
||
| 653 | _aთანამშრომლობის ხელოვნება | ||
| 653 | _aგაკვეთილები შეზღუდული შესაძლებლობის მქონე ბავშვების ოჯახებიდან | ||
| 653 | _aИскусство сотрудничества | ||
| 653 | _aуроки семей детей с ограниченными возможностями | ||
| 700 |
_aColby T. Kervick _eავტორი _912068 |
||
| 700 |
_aDjenne-amal N. Morris _eავტორი _912069 |
||
| 700 |
_aAinscov, Mel _eრედაქტორი _912070 |
||
| 700 |
_aArmstrong, Felicy _eრედაქტორი _912071 |
||
| 942 |
_2udc _cBK |
||